Correlation of the Jurassic formations of parts of Utah, Arizona, New Mexico and Colorado / (Record no. 27250)
[ view plain ]
| 000 -LEADER | |
|---|---|
| fixed length control field | 01170cam a22002891 4500 |
| 001 - CONTROL NUMBER | |
| control field | gs 36000083 |
| 003 - CONTROL NUMBER IDENTIFIER | |
| control field | DLC |
| 005 - DATE AND TIME OF LATEST TRANSACTION | |
| control field | 20260227111340.0 |
| 008 - FIXED-LENGTH DATA ELEMENTS--GENERAL INFORMATION | |
| fixed length control field | 790620s1936 dcua b f000 0 eng |
| 010 ## - LIBRARY OF CONGRESS CONTROL NUMBER | |
| LC control number | gs 36000083 |
| 035 ## - SYSTEM CONTROL NUMBER | |
| System control number | (OCoLC)5086590 |
| 040 ## - CATALOGING SOURCE | |
| Original cataloging agency | DLC |
| Transcribing agency | NFredU |
| Modifying agency | OCoLC |
| -- | DLC |
| 042 ## - AUTHENTICATION CODE | |
| Authentication code | premarc |
| 050 00 - LIBRARY OF CONGRESS CALL NUMBER | |
| Classification number | QE681 |
| Item number | .B3 |
| 100 1# - MAIN ENTRY--PERSONAL NAME | |
| Personal name | Baker, Arthur A. |
| Fuller form of name | (Arthur Alan), |
| Dates associated with a name | 1897- |
| 245 10 - TITLE STATEMENT | |
| Title | Correlation of the Jurassic formations of parts of Utah, Arizona, New Mexico and Colorado / |
| Statement of responsibility, etc. | A. A. Baker, C. H. Dane and J. B. Reeside, Jr. |
| 260 ## - PUBLICATION, DISTRIBUTION, ETC. | |
| Place of publication, distribution, etc. | Washington, |
| Name of publisher, distributor, etc. | U.S. Govt. Print. Off., |
| Date of publication, distribution, etc. | 1936. |
| 300 ## - PHYSICAL DESCRIPTION | |
| Extent | v, 66 p. : |
| Other physical details | ill., 26 pl. (incl. fold. map, fold. diagrs.) on 16 l., 8 fold. tables ; |
| Dimensions | 29 cm. |
| 410 20 - SERIES STATEMENT/ADDED ENTRY--CORPORATE NAME [OBSOLETE, CAN/MARC], [LOCAL, USA] | |
| Corporate name or jurisdiction name as entry element | Geological Survey (U.S.). |
| Title of a work | Professional paper ; |
| Volume number/sequential designation | 183 |
| 500 ## - GENERAL NOTE | |
| General note | At head of title: United States Department of the Interior. |
| 500 ## - GENERAL NOTE | |
| General note | In double columns. |
| 500 ## - GENERAL NOTE | |
| General note | Bibliographical foot-notes. |
| 650 #0 - SUBJECT ADDED ENTRY--TOPICAL TERM | |
| Topical term or geographic name entry element | Geology |
| Geographic subdivision | United States. |
| 650 #0 - SUBJECT ADDED ENTRY--TOPICAL TERM | |
| Topical term or geographic name entry element | Geology, Stratigraphic |
| Chronological subdivision | Jurassic. |
| 700 1# - ADDED ENTRY--PERSONAL NAME | |
| Personal name | Dane, C. H. |
| Fuller form of name | (Carle Hamilton), |
| Dates associated with a name | 1900- |
| Relator term | joint author. |
| 700 1# - ADDED ENTRY--PERSONAL NAME | |
| Personal name | Reeside, John B. |
| Fuller form of name | (John Bernard), |
| Dates associated with a name | 1889-1958, |
| Relator term | joint author. |
No items available.